| 000 | 00522cam a22002172a 4500 | ||
|---|---|---|---|
| 001 | 011324 | ||
| 003 | AR-FADEU | ||
| 008 | 311216n1982####xxu####################dd | ||
| 020 | _a950-027-067 | ||
| 092 |
_aD348.301 _bP628-3 |
||
| 100 | _aPigretti, Eduardo A. | ||
| 245 | _aDerecho de los recursos naturales | ||
| 250 | _a3a. ed | ||
| 260 | _aBuenos Aires | ||
| 260 | _bLa Ley | ||
| 260 | _c1982 | ||
| 300 | _a559 p | ||
| 440 |
_aNaturales _n1 |
||
| 650 | _aRECURSO NATURALES; DERECHO AGRARIO | ||
| 942 | _cBDGR | ||
| 999 |
_c17101 _d17101 |
||